000 00367nam a2200169Ia 4500
100 _aXiang/zhigang/ Plastock/R.A
650 _aComputer graphics
250 _a2
942 _cBK
366 _f25
245 _aComptuer Graphics
260 _bTata Mc Graw hill Ltd.
_c1986
082 _a6.6
_bXIA
300 _a407
546 _aENGLISH
_cComputers
999 _c24544
_d24544